| 000 | 00479 a2200109 4500 | ||
|---|---|---|---|
| 001 | ART_28155 | ||
| 005 | 20260410161951.0 | ||
| 008 | 260409a | ||
| 245 | 1 | 0 | _aComentario a la ley 26993 de constitución de nuevos fueros judiciales nacionales para "encausar y dar solución a las controversias originadas en el ámbito de las relaciones de consumo" |
| 100 | 1 | _aAgnello, Pablo S. | |
| 773 | 0 |
_tTemas de derecho comercial _g- Año 1, Nº 2 (feb. 2015) _wREV28151 |
|
| 999 |
_c30394 _d30394 |
||